00600nam a22001577a 4500003000900000005001700009008004100026040001300067100002100080245006600101250001100167260003700178300001800215490003600233520017300269IT-RoPau20220918181104.0130417b xxu||||| |||| 00| 0 eng d cIT-RoPau aFamiglia Paolina aAtti del XII Capitolo ProvincialebAriccia, 8-19 ottobre 2002 a1° ed aRomabSSP Provincia Italiac2003 a78 pp.c21 cm aSan Paolovn° 1 - Gennaio 2003 aIndice Presentazione del Superiore provinciale Introduzione Parte prima - Documento programmatico Seconda parte - Documentazione Terza parte - Contributi al Capitolo